| 000 | 00563nam a22001817a 4500 | ||
|---|---|---|---|
| 005 | 20231123103716.0 | ||
| 008 | 231123b |||||||| |||| 00| 0 eng d | ||
| 020 | _a0409015342 | ||
| 041 | _aEnglish | ||
| 082 | _a342 DEV | ||
| 100 |
_ade Ville, JR _lEnglish |
||
| 245 |
_aJudicial Review of Administrative Action in South Africa / _cJR de Ville |
||
| 250 | _aFirst Edition | ||
| 260 |
_aDurban : _bLexisNexis Butterworths, _c2005 |
||
| 300 |
_bxiv, 587 pages ; _c25 cm. |
||
| 650 |
_aLegal practice _bLaw |
||
| 942 |
_cBK _6ALISON_BN_VRIES |
||
| 999 |
_c887 _d887 |
||